| 000 | 00399cam a2200145ua 4500 | ||
|---|---|---|---|
| 041 |
_aeng _h |
||
| 082 |
_a028.702 _bGUP/EN |
||
| 100 | _aGupta, P.K . | ||
| 245 | 0 | 0 |
_aEncyclopaedia of general knowledge: General affairs and who`s who / _cP.K Gupta. _hTextual Documents |
| 260 |
_aNew Delhi : _bKumar Publications , _c1996. |
||
| 300 | _a128 ; . | ||
| 504 | _a | ||
| 942 | _cBK | ||
| 999 |
_c7041 _d7041 |
||